000 00711nam a2200205Ii 4500
003 JO-AjNU
008 230605s9999||||xx |||||||||||||| ||und||
040 _aJO-AjNU
_bara
_erda
_cJO-AjNU
041 _aara
050 1 4 _aDS154.53.M342.1989
100 3 _aتاليف محافظه، علي,
_eauthor
_941542
245 0 0 _aتاريخ الاردن المعاصر: عهد الامارة 1921-1946
250 _aط2
264 3 1 _aعمان: مركز الكتب الاردني، 1989
300 _a223ص
_bالملاحق ص(165-202)
336 _atext
_btxt
_2rdacontent
337 _aunmediated
_bn
_2rdamedia
338 _avolume
_bnc
_2rdacarrier
650 4 _aعهد الامارة-الاردن-تاريخ
_941543
999 _aA17719
_c21287
_d21287